000
00204 a2200097 4500
001
57059
100
_a
245
_a
Man-wo-Salwa
260
_a
Lahore
_b
Ilm-o-irfan
_c
2007
090
_c
34989
_d
34989
942
_a
NUST-CAE
_c
MONOGRAPH
_c
27767
999
_c
292132
_d
292132